00487nam a22001572 4500001001100000005001700011008004100028020002700069040001500096100002900111245007000140260003700210300001700247650003600264700002900300000000861420151217152037.0080505s xx 000 0 eng d a8176292613 :cKES 2535 aKABUcKABU1 aGoel, Aruna.@000015926710aDistance education in the 21st century /cAruna Goel, S. L Goel. aNew Delhi :bDeep & Deep,c2001. axvi, 279 p. 0aDistance education.@00001580721 aGoel, S. L.@0000159268